[Event "Moscow op-E"]
[Site "Moscow"]
[Date "2011.02.06"]
[Round "9.188"]
[White "Kryukov, Anton"]
[Black "Ginsburg, Natan"]
[Result "0-1"]
[WhiteElo "1935"]
[BlackElo "2030"]
[PlyCount "114"]
[EventDate "2011.01.29"]
[EventType "swiss"]
[EventRounds "9"]
[EventCountry "RUS"]
[SourceTitle "EXT 2022"]
[Source "ChessBase"]
[SourceDate "2021.10.06"]
[SourceVersion "1"]
[SourceVersionDate "2021.10.06"]
[SourceQuality "1"]

1. d4 d6 2. e4 Nf6 3. Nc3 e5 4. Nf3 Nbd7 5. Bc4 Be7 6. 0-0 c6 7. Re1 0-0 8. a4 b6 9. d5 c5 10. Qe2 a6 11. h3 Ne8 12. g4 g6 13. Bh6 Ng7 14. Bd3 Nf6 15. Nh2 Kh8 16. Qd2 Ng8 17. Be3 f5 18. f3 Bh4 19. Reb1 a5 20. Rf1 h5 21. Qg2 Bg5 22. Qd2 Be7 23. Bb5 Ra7 24. Be2 Bh4 25. Nb5 Raf7 26. c3 Nf6 27. Bg5 Bg3 28. Kg2 f4 29. Qc2 Qd7 30. b4 Nge8 31. bxa5 bxa5 32. Rab1 Rh7 33. Rh1 Kg7 34. Nf1 hxg4 35. fxg4 Bh4 36. Bxh4 Rxh4 37. Qd3 Nh7 38. Nd2 Ng5 39. Nf3 Rxh3 40. Nxg5 Rxd3 41. Ne6+ Kg8 42. Bxd3 f3+ 43. Kf2 Rf7 44. Rh6 Rh7 45. Rxg6+ Kf7 46. Rg5 Ng7 47. Rf5+ Nxf5 48. exf5 Rh2+ 49. Kxf3 Qe7 50. g5 Rh3+ 51. Ke2 Bxe6 52. dxe6+ Kg8 53. Rg1 d5 54. f6 Qxe6 55. Nc7 Rh2+ 56. Ke1 Qh3 57. Nxd5 Qxd3 0-1

[Event "Moscow op-E"]
[Site "Moscow"]
[Date "2011.02.04"]
[Round "7.192"]
[White "Bocharnikov, Oleg"]
[Black "Ginsburg, Natan"]
[Result "1-0"]
[WhiteElo "1811"]
[BlackElo "2030"]
[PlyCount "41"]
[EventDate "2011.01.29"]
[EventType "swiss"]
[EventRounds "9"]
[EventCountry "RUS"]
[SourceTitle "EXT 2022"]
[Source "ChessBase"]
[SourceDate "2021.10.06"]
[SourceVersion "1"]
[SourceVersionDate "2021.10.06"]
[SourceQuality "1"]

1. Nf3 f5 2. e4 fxe4 3. Ng5 Nf6 4. d3 d5 5. dxe4 Qd6 6. exd5 Qxd5 7. Qe2 e5 8. Bd2 Bd6 9. Nc3 Qc6 10. Qc4 Qxc4 11. Bxc4 Nc6 12. Nb5 Ke7 13. f4 Rf8 14. 0-0-0 a6 15. Nxd6 cxd6 16. Rde1 Bf5 17. a3 b5 18. fxe5 dxe5 19. Bb3 h6 20. Nf3 e4 21. Rhf1 1-0

[Event "Moscow op-E"]
[Site "Moscow"]
[Date "2011.02.03"]
[Round "6.231"]
[White "Ginsburg, Natan"]
[Black "Ulyankin, Igor"]
[Result "1-0"]
[WhiteElo "2030"]
[BlackElo "1786"]
[PlyCount "85"]
[EventDate "2011.01.29"]
[EventType "swiss"]
[EventRounds "9"]
[EventCountry "RUS"]
[SourceTitle "EXT 2022"]
[Source "ChessBase"]
[SourceDate "2021.10.06"]
[SourceVersion "1"]
[SourceVersionDate "2021.10.06"]
[SourceQuality "1"]

1. e4 e6 2. d4 d5 3. e5 c5 4. c3 Nc6 5. Nf3 Nge7 6. Na3 Nf5 7. Nc2 cxd4 8. cxd4 Be7 9. Bd3 a6 10. 0-0 h5 11. Bxf5 exf5 12. Nfe1 Be6 13. b4 Rc8 14. Nd3 b6 15. Bd2 a5 16. a3 Qc7 17. Rc1 Qa7 18. Nf4 h4 19. b5 Nd8 20. Ne3 Rxc1 21. Bxc1 Qd7 22. Nxe6 fxe6 23. Qd3 g5 24. a4 Nf7 25. Re1 Nh6 26. Bd2 Kf7 27. Qe2 Kg7 28. Rc1 Rc8 29. Rxc8 Qxc8 30. h3 Qf8 31. Qd3 Bb4 32. Nc2 Be7 33. Qc3 Qd8 34. Qc6 Kf7 35. Bxa5 bxa5 36. b6 Ng8 37. b7 Nf6 38. exf6 Bd6 39. Qc8 Qb6 40. Ne3 Qb1+ 41. Nf1 Kxf6 42. Qd8+ Kf7 43. Qxd6 1-0

[Event "Benidorm Bali op-A"]
[Site "Benidorm"]
[Date "2003.11.25"]
[Round "6"]
[White "Morales Camacho, Julian"]
[Black "Ginsburg, Natan"]
[Result "1-0"]
[WhiteElo "2183"]
[BlackElo "2118"]
[PlyCount "91"]
[EventDate "2003.11.21"]
[EventType "swiss"]
[EventRounds "9"]
[EventCountry "ESP"]
[SourceTitle "CBM 097 Extra"]
[Source "ChessBase"]
[SourceDate "2004.01.13"]
[SourceVersion "1"]
[SourceVersionDate "2004.01.13"]
[SourceQuality "1"]

1. Nf3 f5 2. g3 Nf6 3. Bg2 d6 4. d4 g6 5. b4 Bg7 6. Bb2 0-0 7. 0-0 Qe8 8. Nbd2 h6 9. c4 c6 10. Qc2 g5 11. e4 f4 12. gxf4 gxf4 13. e5 Nh7 14. Rfe1 d5 15. cxd5 cxd5 16. Qb3 Be6 17. Nh4 Qf7 18. Kh1 Ng5 19. Qd3 Nc6 20. a3 Qh5 21. Ndf3 Ne4 22. Re2 a6 23. Rd1 Rad8 24. Rg1 Bf5 25. Nxf5 Qxf5 26. Qb3 Qh5 27. Rxe4 e6 28. Ree1 Ne7 29. Nd2 Nf5 30. Qh3 Qe8 31. Bf3 Rc8 32. Rc1 Qb5 33. Bg4 Rxc1 34. Rxc1 Qb6 35. Nb3 Kh7 36. Nc5 Qc6 37. Ra1 b6 38. Nd3 Qc2 39. Bd1 Qd2 40. Qf3 Ne7 41. Bb3 Ng6 42. Rd1 Nh4 43. Qg4 Qxd1+ 44. Bxd1 Ng6 45. Bc2 Rf5 46. Nxf4 1-0